[Event "ITA-ch U20"]
[Site "Tarvisio"]
[Date "2023.07.08"]
[Round "8"]
[White "Budai, Leonardo"]
[Black "Noto, Federico"]
[Result "1-0"]
[WhiteElo "1872"]
[BlackElo "1683"]
[PlyCount "89"]
[EventDate "2023.07.02"]
[EventType "swiss"]
[EventRounds "9"]
[EventCountry "ITA"]
[SourceTitle "EXT 2024"]
[Source "ChessBase"]
[SourceDate "2023.10.10"]
[SourceVersion "1"]
[SourceVersionDate "2023.10.10"]
[SourceQuality "1"]

1. e4 c5 2. Nf3 g6 3. d4 cxd4 4. Nxd4 Bg7 5. Nc3 Nc6 6. Be3 Nf6 7. Bc4 0-0 8. Bb3 Qa5 9. f3 d6 10. Qd2 Bd7 11. 0-0-0 Rfc8 12. Kb1 Qd8 13. g4 Ne5 14. h4 a5 15. a3 a4 16. Ba2 Nc4 17. Bxc4 Rxc4 18. h5 b5 19. hxg6 fxg6 20. e5 dxe5 21. Ndxb5 Qc8 22. g5 Bxb5 23. gxf6 Bxf6 24. Nxb5 Rb8 25. Na7 Qa6 26. Qd5+ e6 27. Qd6 Qxd6 28. Rxd6 e4 29. Rb6 Rxb6 30. Bxb6 exf3 31. Rf1 Rf4 32. b4 g5 33. b5 g4 34. Bf2 Rf5 35. b6 Be5 36. Rg1 h5 37. Nc6 Bd6 38. c4 Kh7 39. b7 g3 40. Rxg3 Bxg3 41. Bxg3 h4 42. Bxh4 Rh5 43. b8Q Rxh4 44. Qg3 Rxc4 45. Ne7 1-0